01373cam a2200265 a 450000100100000000500170001000800410002702000150006804000300008308200180011310000500013124502750018126000610045630000350051749001030055250400310065565100370068665000600072365000400078383001110082391000280093404900090096295201210097199900150109200000667720200929153955.0970919s1996 sp ab b 000 0 spa  a8478203125 dBNPHUcDLCdDLCaDO-SdBNP a465.53bG182a1 aGalve Izquierdo, María Pilar,d1949-91859414aLos antecedentes de Caesaraugusta :bestructuras domésticas de Salduie (calle Don Juan de Aragón, 9. Zaragoza) /cMaría Pilar Galve Izquierdo ; colaboración de Ma. Carmen Aguarod, F. de A. Escudero, P.A. Paracuellos ; participación de F. Albalá ... [et al.]. aZaragoza :bInstitución Fernando el Católico,c1996. a197 p. :bil., mapas ;c31 cm.1 aPublicación de la Institución "Fernando el Católico" (Excma. Diputación de Zaragoza)v1775 aBibliografía: p. 181-193 4aZaragoza (España{Rpara}918595 4aExcavaciones arqueológicaszEspañazZaragoza918596 4aSitio de zaragozay1808-1809918597 0aPublicación de la Institución "Fernando el Católico" (Excma. Diputacion de Zaragoza) ;v1775.918598 aCatalogación derivada aBNGR 001052708MOaGRbGRcCTd2009-09-01iLF1l0o465.53 G182ap6677-10r2020-06-25w2020-06-25y2ZPréstamo interno c6466d6466